A revolution of common sense : (Record no. 127076)

MARC details
000 -LEADER
campo de control de longitud fija 02724nam a22002537a 4500
003 - IDENTIFICADOR DE NÚMERO DE CONTROL
campo de control BJBSDDR
005 - FECHA Y HORA DE LA ÚLTIMA TRANSACCIÓN
campo de control 20260512183401.0
006 - CÓDIGOS DE INFORMACIÓN DE LONGITUD FIJA--CARACTERÍSTICAS DEL MATERIAL ADICIONAL
campo de control de longitud fija a|||||r|||| 00| 0
007 - CAMPO FIJO DE DESCRIPCIÓN FÍSICA--INFORMACIÓN GENERAL
campo de control de longitud fija ta
008 - DATOS DE LONGITUD FIJA--INFORMACIÓN GENERAL
campo de control de longitud fija 260512s2025 nyu|||||r|||| 00| 0 eng d
020 ## - NÚMERO INTERNACIONAL ESTÁNDAR DEL LIBRO
Número Internacional Estándar del Libro 9780063472174
040 ## - FUENTE DE CATALOGACIÓN
Lengua de catalogación spa
Centro/agencia transcriptor BJBSDDR
041 ## - CÓDIGO DE IDIOMA
Código de lengua del texto/banda sonora o título independiente eng
050 ## - SIGNATURA TOPOGRÁFICA DE LA BIBLIOTECA DEL CONGRESO
Número de ítem J54r 2025
100 1# - ENTRADA PRINCIPAL--NOMBRE DE PERSONA
Nombre de persona Jennings, Scott,
Fechas asociadas al nombre 1977-
9 (RLIN) 48416
245 12 - MENCIÓN DEL TÍTULO
Título A revolution of common sense :
Resto del título how Donald Trump stormed Washington and fought for Western civilization /
Mención de responsabilidad, etc. Scott Jennings.
250 ## - MENCION DE EDICION
Mención de edición first edition
260 ## - PUBLICACIÓN, DISTRIBUCIÓN, ETC.
Lugar de publicación, distribución, etc. New York :
Nombre del editor, distribuidor, etc. William Morrow, an imprint of HarperCollinsPublishers,
Fecha de publicación, distribución, etc. 2025.
300 ## - DESCRIPCIÓN FÍSICA
Extensión 273 pages ;
Dimensiones 24 cm
505 ## - NOTA DE CONTENIDO CON FORMATO
Nota de contenido con formato Contenidos : <br/>No holds barred<br/>DOGE: The Deep State Chainsaw Massacre<br/>Empire strikes back<br/>Briefing room battles<br/>Bad faith actors<br/>Fighting for peace<br/>Alien enemies: the immigration fights<br/>Transitioning back to common sense<br/>DEI dies<br/>Trade War II<br/>Unleashing American energy
520 ## - RESUMEN, ETC.
Sumario, etc. A long habit of not thinking a thing wrong, gives it a superficial appearance of being right,' Thomas Paine wrote in Common Sense. In Washington, that habit became a way of life--where dysfunction, bloat, and bureaucratic failure were treated as business as usual. But Paine also reminded us: 'We have it in our power to begin the world over again.' That's exactly what Donald Trump set out to do in his second term--and what millions of Americans demanded when they sent him back to the White House. A Revolution of Common Sense is a tribute to that mission: a revolt against elite dogmas, a restoration of sanity in public life, and a reminder that America's best days aren't behind us. In these pages, CNN senior political commentator and Republican strategist Scott Jennings takes readers inside Trump's return to power--from scenes in the Oval Office and Air Force One to behind-the-curtain moments with the key players shaping the new agenda. Among them: Secretary of State Marco Rubio, Secretary of the Treasury Scott Bessent, Secretary of Defense Pete Hegseth, Interior Secretary Doug Burgum, Trump campaign manager Chris LaCivita, and Elon Musk. This isn't just a play-by-play of executive orders and media showdowns. It's a sharp, often surprising look at how Trump's second term moved fast, broke norms, and reframed the political debate around a single question: What makes sense? Scott Jennings has spent his career at the highest levels of Republican politics--and from his perch on CNN, slays liberal narratives on a nightly basis. With insight, clarity, and unmatched access, he tells the story not just of a presidency, but of a revolution. And of the Americans still fighting to see it through.
942 ## - ELEMENTOS DE ENTRADA SECUNDARIOS (KOHA)
Fuente del sistema de clasificación o colocación Clasificación de Library of Congress
Suprimir en OPAC No
Tipo de ítem Koha Libro
946 ## - PROCESAMIENTO DE INFORMACIÓN LOCAL (OCLC)
Iniciales del agente catalogador llh
Holdings
Estatus retirado Estado de pérdida Fuente del sistema de clasificación o colocación Estado de daño No para préstamo Colección Biblioteca de origen Biblioteca actual Ubicación en estantería Fecha de adquisición Signatura topográfica completa Código de barras Visto por última vez Copia número Tipo de ítem Koha
    Clasificación de Library of Congress     Automatización y Procesos Técnicos Biblioteca Juan Bosch Biblioteca Juan Bosch Automatización y Procesos Técnicos (1er. Piso) 12/05/2026 J54r 2025 00000200093 12/05/2026 1 Libro